| 000 | 02042nam0a2200325 4500 | ||
|---|---|---|---|
| 001 | RU\NLR\b_ik\115764 | ||
| 005 | 20250616225419.0 | ||
| 010 | _a5-87317-107-6 | ||
| 035 | _a(NLR Aleph) 002189398 | ||
| 090 |
_a2891327 _c2891327 |
||
| 100 | _a20040803d2002 |||y0rusy50 ca | ||
| 101 | 1 |
_aeng _arus _crus _drus |
|
| 102 | _aRU | ||
| 105 | _aab ||||||||| | ||
| 200 | 1 |
_aYagnob Valley - nature, history, and chances of a mountain community development in Tadjikistan _fA. Gunya _gEd. by Corresp. Member of Russ. acad. of sciences N.F. Glazovsky _g[Transl. from Russian by V. Klassen] _gInst. of geography, Russ. acad. of sciences, Intern. progr. "Leadership for environment a. development" |
|
| 210 |
_aM. _cKMK sci. press _d2002 |
||
| 215 |
_a107 с. _cил., карт. _d24 |
||
| 300 | _aНа обороте тит. л.: Долина р. Ягноб - природа, история освоения и возможности развития горного сообщества в Таджикистане / Гуня А.Н. | ||
| 300 | _aТекст и рез. на англ. и рус. яз. | ||
| 320 | _aБиблиогр.: с. 86-87 (53 назв.) | ||
| 454 | 0 |
_12001#$aДолина р. Ягноб - природа, история освоения и возможности развития горного сообщества в Таджикистане$zrus _1790#1$aГуня$bА. Н.$gАлексей Николаевич$3RU\NLR\AUTH\7790860$4070 _tДолина р. Ягноб - природа, история освоения и возможности развития горного сообщества в Таджикистане |
|
| 606 | 0 |
_aПрирода _yЯгнобская долина (Таджикистан, Республика) _92344264 _3RU\NLR\AUTH\661401015 |
|
| 686 | 4 | _aУ04(2Т) | |
| 686 | 4 | _aД829(54Т) | |
| 700 | 1 |
_aGunija _bA. N. _gAleksej Nikolaevič _4070 |
|
| 801 | 0 |
_aRU _bNLR _c20040803 _gPSBO |
|
| 942 | _cBOOK | ||
| 980 | _aNB | ||